El carbón (Record no. 119949)

MARC details
000 -LEADER
campo de control de longitud fija 00851nam a2200193 4500
001 - NÚMERO DE CONTROL
campo de control 119949
003 - IDENTIFICADOR DE NÚMERO DE CONTROL
campo de control ES-MaACL
005 - FECHA Y HORA DE LA ÚLTIMA TRANSACCIÓN
campo de control 20230906191431.0
007 - CAMPO FIJO DE DESCRIPCIÓN FÍSICA--INFORMACIÓN GENERAL
campo de control de longitud fija t|
008 - DATOS DE LONGITUD FIJA--INFORMACIÓN GENERAL
campo de control de longitud fija 070214m19491951sp r ||||1| spa d
100 1# - ENTRADA PRINCIPAL--NOMBRE DE PERSONA
Nombre de persona Pintado Fe, Francisco.
9 (RLIN) 92208
245 13 - MENCIÓN DEL TÍTULO
Título El carbón
Resto del título : algunos aspectos de los estudios sobre su origen, propiedades, preparación y utilización /
Mención de responsabilidad, etc. por Francisco Pintado Fe.
260 ## - PUBLICACIÓN, DISTRIBUCIÓN, ETC.
Lugar de publicación, distribución, etc. Madrid :
Nombre del editor, distribuidor, etc. Instituto Nacional del Combustible del Patronato Juan de la Cierva de Investigacion Tecnica,
Fecha de publicación, distribución, etc. 1949-51.
300 ## - DESCRIPCIÓN FÍSICA
Extensión 3 v. :
Otras características físicas il. ;
Dimensiones 25 cm.
500 ## - NOTA GENERAL
Nota general Precede al tít.: Consejo Superior de Investigaciones Científicas.
500 ## - NOTA GENERAL
Nota general Memoria de un viaje de estudios realizado a Francia, Belgica, Holanda e Inglaterra.
710 2# - ENTRADA AGREGADA--NOMBRE DE ENTIDAD CORPORATIVA
Nombre de entidad corporativa o nombre de jurisdicción como elemento de entrada Instituto Nacional del Combustible.
9 (RLIN) 5194
852 ## - LOCALIZACIÓN
Ubicación ES-MaACL
Número de control de estantería D-7310-12
Sublocalización o colección R.31687
Holdings
Estatus retirado Estado de pérdida Estado de daño No para préstamo Biblioteca de origen Biblioteca actual Ubicación en estantería Fecha de adquisición Fuente de adquisición Total de préstamos Signatura topográfica completa Código de barras Visto por última vez Precio de reemplazo Tipo de ítem Koha
        Biblioteca del Ateneo de Madrid Biblioteca del Ateneo de Madrid Sala Valle Inclán 17/01/2008     D-7310-12 901125028 23/02/2023 23/02/2023 Libro impreso